Historical Christian Kingdoms and Empires - Statistics

General Stats
  • This quiz has been taken 281 times
    272 since last reset
  • The average score is 43 of 105
Answer Stats
Hint Answer % Correct
27 BC-476 AD Roman Empire
97%
1492-1976 AD Spanish Empire
89%
1808-1815; 1852-1870 AD French Empire
88%
1721-1917 AD Russian Empire
88%
1547-1721 AD Tsardom of Russia
88%
395-1453 AD Byzantine Empire
87%
1139-1910 AD Kingdom of Portugal
86%
1415-1999 AD Portuguese Empire
86%
1611-1721 AD Swedish Empire
85%
1871-1918 AD German Empire
83%
1000-1918 AD Kingdom of Hungary
83%
1804-1867 AD Austrian Empire
78%
1861-1946 AD Kingdom of Italy
78%
872-1397;1905-Present Kingdom of Norway
75%
1815-Present Kingdom of the Netherlands
75%
681-1422 AD Bulgarian Empire
74%
800-1806 AD Holy Roman Empire
74%
1025-1031; 1076-1079; 1300-1795 AD Kingdom of Poland
74%
1908-1946 AD Tsardom of Bulgaria
74%
965-Present Kingdom of Denmark
72%
1707-1997 AD British Empire
71%
1832-1924; 1935-1973 AD Kingdom of Greece
71%
1882-1918 AD Kingdom of Serbia
71%
800-Present Kingdom of Sweden
71%
1270--1974 AD Ethiopian Empire
69%
331 BC-428 AD Kingdom of Armenia
69%
1542-1801 AD Kingdom of Ireland
69%
1236-1795 AD Grand Duchy of Lithuania
68%
1830-Present Kingdom of Belgium
67%
927-1707 AD Kingdom of England
66%
302 BC-580 AD Kingdom of Kartli
65%
1881-1947 AD Kingdom of Romania
64%
987-1792 AD Kingdom of France
63%
1008-1490 AD Kingdom of Georgia
63%
843-1707 AD Kingdom of Scotland
63%
925-1102 AD Kingdom of Croatia
56%
1099-1187; 1192-1291 AD Kingdom of Jerusalem
54%
1035-1833 AD Kingdom of Aragon
50%
1918-1919 AD Kingdom of Finland
50%
1130-1816 AD Kingdom of Sicily
50%
481-843 AD Kingdom of the Franks
50%
1822-1889 AD Brazilian Empire
48%
1198-1918 AD Kingdom of Bohemia
48%
1805–1918 AD Kingdom of Bavaria
47%
1821-1823; 1864-1867 AD Mexican Empire
47%
1282-1816 AD Kingdom of Naples
44%
910-1833 AD Kingdom of Leon
41%
754-1870 AD Papal States
39%
409–585 Kingdom of the Suebi
38%
1346-1859 AD Principality of Moldavia
38%
862-1240 AD Kievan Rus
36%
1324-1861 AD Kingdom of Sardinia
36%
1065-1833 AD Kingdom of Castile
35%
1330-1859 AD Principality of Wallachia
34%
910-1833 AD Kingdom of Galicia
32%
568-774 AD Kingdom of the Lombards
32%
418-721 AD Kingdom of the Visigoths
32%
1192–1489 AD Kingdom of Cyprus
31%
833-907 AD Great Moravia
29%
824-1841 AD Kingdom of Navarre
28%
1204–1261 AD Latin Empire
28%
1st Century-960 AD Kingdom of Axum
27%
469-533 AD Kingdom of the Ostrogoths
27%
1098-1268 AD Principality of Antioch
26%
527-825 AD Kingdom of Essex
25%
519-927 AD Kingdom of Wessex
25%
1867-1918 AD Austro-Hungarian Empire
24%
1263-1547 AD Grand Duchy of Moscow
24%
718-924 AD Kingdom of Asturias
24%
654-954 AD Kingdom of Northumbria
24%
851-939 AD Kingdom of Brittany
23%
1390-1914 AD Kingdom of Kongo
22%
435-534 AD Kingdom of the Vandals and Alans
22%
527-918 AD Kingdom of Mercia
20%
1204-1461 AD Empire of Trebizond
19%
843-962 AD Kingdom of the East Franks
19%
843-987 AD Kingdom of the West Franks
19%
800-888 AD Carolingian Empire
18%
477-860 AD Kingdom of Sussex
18%
1570-1711 AD Principality of Transylvania
17%
1851-1864 AD Taiping Heavenly Kingdom
17%
6th Century-918 AD Kingdom of East Anglia
16%
132 BC-214 AD Kingdom of Osroene
16%
455-871 AD Kingdom of Kent
15%
1204–1261 AD Nicene Empire
15%
1198-1375 AD Armenian Kingdom of Cilicia
14%
1816-1861 AD Kingdom of the Two Sicilies
13%
855–959 Kingdom of Lotharingia
12%
567-822 AD Avar Khaganate
10%
6th century-1504 AD Kingdom of Alodia
9%
220-638 AD Ghassanid Kingdom
7%
778-1008 AD Kingdom of Abkhazia
7%
5th Century-1518 AD Kingdom of Makuria
7%
300-602 AD Lakhmid Kingdom
7%
1224–1246 AD Empire of Thessalonica
6%
477-578 AD Kingdom of the Moors and Romans
6%
900-1270 AD Zagwe Dynasty
6%
1795-1893 AD Kingdom of Hawai'i
5%
400-7th Century AD Kingdom of Nobatia
5%
1540-1897 AD Merina Kingdom
5%
498-850 AD Kingdom of Dal Riata
3%
578-708 AD Kingdom of Altava
2%
11th-13th Century Keraite Khanate
1%
213-911 AD Kingdom of Alamannia
1%
1231–1715 AD Kingdom of Majorca
1%
No matching quizzes found
Score Distribution
Percent of People with Each Score
Percentile by Number Answered
Your Score History
You have not taken this quiz since the last reset